<?xml version="1.0" encoding="UTF-8"?>
<record
    xmlns:xsi="http://www.w3.org/2001/XMLSchema-instance"
    xsi:schemaLocation="http://www.loc.gov/MARC21/slim http://www.loc.gov/standards/marcxml/schema/MARC21slim.xsd"
    xmlns="http://www.loc.gov/MARC21/slim">

  <leader>01060cam a2200205 a 4500</leader>
  <controlfield tag="003">BD-RjUL</controlfield>
  <controlfield tag="005">20211215165748.0</controlfield>
  <controlfield tag="008">211215s1976    le       b    00010 ara  </controlfield>
  <datafield tag="035" ind1=" " ind2=" ">
    <subfield code="a">(BD-RjUL)</subfield>
  </datafield>
  <datafield tag="040" ind1=" " ind2=" ">
    <subfield code="a">DLC-R</subfield>
    <subfield code="c">DLC-R</subfield>
    <subfield code="d">DLC</subfield>
    <subfield code="b">eng</subfield>
  </datafield>
  <datafield tag="041" ind1=" " ind2=" ">
    <subfield code="a">ara</subfield>
  </datafield>
  <datafield tag="082" ind1=" " ind2=" ">
    <subfield code="2">23</subfield>
    <subfield code="a">297.082</subfield>
    <subfield code="b">KHH 1976</subfield>
  </datafield>
  <datafield tag="100" ind1="0" ind2=" ">
    <subfield code="a"> &#x62E;&#x627;&#x646;  &#x635;&#x62F;&#x651;&#x64A;&#x642; &#x62D;&#x633;&#x646; ;; khan, &#x1E62;idd&#x12B;q &#x1E24;asan,</subfield>
    <subfield code="d">1832-1890.</subfield>
    <subfield code="9">216</subfield>
  </datafield>
  <datafield tag="245" ind1="1" ind2="0">
    <subfield code="a">&#x62D;&#x633;&#x646; &#x627;&#x644;&#x627;&#x633;&#x648;&#x629; &#x628;&#x645;&#x627; &#x62B;&#x628;&#x62A; &#x645;&#x646; &#x627;&#x644;&#x644;&#x647; &#x648;&#x631;&#x633;&#x648;&#x644;&#x647; &#x641;&#x64A; &#x627;&#x644;&#x646;&#x633;&#x648;&#x629; ;; &#x1E24;usn al-uswah bi-m&#x101; thabata min All&#x101;h wa-Ras&#x16B;lihi f&#x12B; al-niswah /</subfield>
    <subfield code="c">&#x62A;&#x623;&#x644;&#x64A;&#x641; &#x645;&#x62D;&#x645;&#x62F; &#x635;&#x62F;&#x64A;&#x642; &#x62D;&#x633;&#x646; &#x62E;&#x627;&#x646; &#x627;&#x644;&#x642;&#x646;&#x648;&#x62C;&#x64A; &#x627;&#x644;&#x628;&#x62E;&#x627;&#x631;&#x64A; &#x61B; &#x62D;&#x642;&#x642;&#x647; &#x648;&#x639;&#x644;&#x642; &#x639;&#x644;&#x64A;&#x647; &#x645;&#x635;&#x637;&#x641;&#x649; &#x627;&#x644;&#x62E;&#x646;&#x60C; &#x645;&#x62D;&#x64A;&#x64A; &#x627;&#x644;&#x62F;&#x64A;&#x646; &#x645;&#x633;&#x62A;&#x648;.;; ta&#x2BC;l&#x12B;f Mu&#x1E25;ammad &#x1E62;idd&#x12B;q &#x1E24;asan Kh&#x101;n al-Qannawj&#x12B; al-Bukh&#x101;r&#x12B; ; &#x1E25;aqqaqahu wa-&#x2BB;allaqa &#x2BB;alayhi Mu&#x1E63;&#x1E6D;af&#xE1; al-Khinn, Mu&#x1E25;y&#x12B; al-D&#x12B;n Mast&#x16B;.</subfield>
  </datafield>
  <datafield tag="260" ind1=" " ind2=" ">
    <subfield code="6">880-03</subfield>
    <subfield code="a">Bayr&#x16B;t :</subfield>
    <subfield code="b">Mu&#x2BC;assasat al-Ris&#x101;lah,</subfield>
    <subfield code="c">1976.</subfield>
  </datafield>
  <datafield tag="300" ind1=" " ind2=" ">
    <subfield code="a">312 p. ;</subfield>
    <subfield code="c">23 cm.</subfield>
  </datafield>
  <datafield tag="504" ind1=" " ind2=" ">
    <subfield code="a">Includes bibliographical references.</subfield>
  </datafield>
  <datafield tag="650" ind1=" " ind2="0">
    <subfield code="a">Muslim women.</subfield>
    <subfield code="9">217</subfield>
  </datafield>
  <datafield tag="942" ind1=" " ind2=" ">
    <subfield code="2">ddc</subfield>
    <subfield code="c">BK</subfield>
  </datafield>
  <datafield tag="999" ind1=" " ind2=" ">
    <subfield code="c">79009</subfield>
    <subfield code="d">79009</subfield>
  </datafield>
  <datafield tag="952" ind1=" " ind2=" ">
    <subfield code="0">0</subfield>
    <subfield code="1">0</subfield>
    <subfield code="2">ddc</subfield>
    <subfield code="4">0</subfield>
    <subfield code="7">1</subfield>
    <subfield code="8">NFIC</subfield>
    <subfield code="a">RUCL</subfield>
    <subfield code="b">RUCL</subfield>
    <subfield code="c">Reading</subfield>
    <subfield code="d">2021-12-15</subfield>
    <subfield code="l">0</subfield>
    <subfield code="o">A 297.082 KHH 1976</subfield>
    <subfield code="r">2021-12-15 00:00:00</subfield>
    <subfield code="t">C-1</subfield>
    <subfield code="w">2021-12-15</subfield>
    <subfield code="y">BK</subfield>
  </datafield>
</record>
